[Event "Niteroi op 2nd"]
[Site "Niteroi"]
[Date "2022.09.07"]
[Round "9"]
[White "Tsai, Roberto Gong Wei"]
[Black "Borsato, Ana Carolina Teodor"]
[Result "0-1"]
[WhiteElo "1790"]
[BlackElo "1845"]
[PlyCount "76"]
[EventDate "2022.09.01"]
[EventType "swiss"]
[EventRounds "9"]
[EventCountry "BRA"]
[SourceTitle "EXT 2024"]
[Source "ChessBase"]
[SourceDate "2023.10.10"]
[SourceVersion "1"]
[SourceVersionDate "2023.10.10"]
[SourceQuality "1"]

1. b3 e5 2. Bb2 Nc6 3. g3 d5 4. Bg2 Nf6 5. d3 Bc5 6. e3 0-0 7. Ne2 Be6 8. 0-0 Qd7 9. d4 exd4 10. Nxd4 Nxd4 11. Bxd4 Bxd4 12. Qxd4 Rad8 13. Nd2 Qe7 14. Qxa7 b6 15. Qa4 Bf5 16. Rfc1 Rfe8 17. Qf4 Bg6 18. c4 c5 19. cxd5 Nxd5 20. Bxd5 Rxd5 21. Nf3 Rf5 22. Qh4 Rxf3 23. Qxe7 Rxe7 24. b4 Rc7 25. a4 c4 26. b5 Rf5 27. a5 bxa5 28. Rxa5 h6 29. Ra8+ Kh7 30. b6 Rb7 31. Rxc4 Rxb6 32. Rcc8 Rb1+ 33. Kg2 Bh5 34. Rcb8 Kg6 35. Kh3 Bf3 36. g4 Bxg4+ 37. Kh4 Rg1 38. Ra6+ f6 0-1

[Event "Niteroi op 2nd"]
[Site "Niteroi"]
[Date "2022.09.02"]
[Round "2"]
[White "Do Valle Cardoso, Lucas"]
[Black "Borsato, Ana Carolina Teodor"]
[Result "1-0"]
[WhiteElo "2162"]
[BlackElo "1845"]
[PlyCount "59"]
[EventDate "2022.09.01"]
[EventType "swiss"]
[EventRounds "9"]
[EventCountry "BRA"]
[SourceTitle "CBM 210 Extra"]
[Source "ChessBase"]
[SourceDate "2022.11.30"]
[SourceVersion "1"]
[SourceVersionDate "2022.11.30"]
[SourceQuality "1"]

1. e4 e5 2. Nf3 Nc6 3. d4 exd4 4. Bc4 Nf6 5. e5 d5 6. Bb5 Ne4 7. Nxd4 Bd7 8. Bxc6 bxc6 9. 0-0 Bc5 10. f3 Ng5 11. f4 Ne4 12. Be3 Qh4 13. Nd2 Bg4 14. N2f3 Qh5 15. Qd3 0-0 16. Nxc6 Bxe3+ 17. Qxe3 Rfe8 18. Nfd4 f6 19. Rae1 fxe5 20. fxe5 Kh8 21. c4 Nf6 22. Qf4 Nd7 23. cxd5 Rf8 24. Qe3 Rae8 25. h3 Bf5 26. Qf3 Qg5 27. Nxf5 g6 28. e6 Rxf5 29. exd7 Rxe1 30. Qc3+ 1-0

[Event "BRA-ch U18 Girls"]
[Site "Itajai"]
[Date "2016.06.10"]
[Round "2"]
[White "Rodio, Julia Brunetto"]
[Black "Borsato, Ana Carolina Teodor"]
[Result "0-1"]
[WhiteElo "1684"]
[BlackElo "1769"]
[PlyCount "83"]
[EventDate "2016.06.09"]
[EventType "swiss"]
[EventRounds "6"]
[EventCountry "BRA"]
[SourceTitle "CBM 172 Extra"]
[Source "ChessBase"]
[SourceDate "2016.06.21"]
[SourceVersion "1"]
[SourceVersionDate "2016.06.21"]
[SourceQuality "1"]

1. e4 e5 2. Nc3 Bc5 3. g3 Nc6 4. Bg2 d6 5. Nge2 a6 6. d3 Nf6 7. 0-0 Be6 8. Qd2 Qd7 9. Nd1 0-0-0 10. Ne3 h5 11. h4 Ng4 12. Nd5 Nf6 13. b4 Ba7 14. a4 Ne7 15. Nxe7+ Qxe7 16. b5 Kd7 17. d4 exd4 18. Nxd4 Bc4 19. Re1 Kc8 20. Qc3 Bxd4 21. Qxd4 Qe5 22. Bh3+ Nd7 23. Qa7 Be6 24. bxa6 Nc5 25. axb7+ Kd7 26. Bxe6+ fxe6 27. Bf4 Qc3 28. Rad1 Rb8 29. e5 Rxb7 30. Bd2 Qxd2 31. Rxd2 Rxa7 32. exd6 cxd6 33. Red1 Ra6 34. a5 Ke7 35. c4 Rd8 36. Ra2 Nb7 37. Rb1 Nxa5 38. Rb5 Rda8 39. Rxh5 Nxc4 40. Re2 Ra5 41. Rh7 Kf7 42. Re4 0-1

[Event "Guaira op 1st"]
[Site "Guaira"]
[Date "2015.10.03"]
[Round "3"]
[White "Borsato, Ana Carolina Teodor"]
[Black "Ribeiro Isac, Barbara"]
[Result "1-0"]
[WhiteElo "1791"]
[BlackElo "1800"]
[PlyCount "50"]
[EventDate "2015.10.03"]
[EventType "swiss"]
[EventRounds "5"]
[EventCountry "BRA"]
[SourceTitle "CBM 168 Extra"]
[Source "ChessBase"]
[SourceDate "2015.10.29"]
[SourceVersion "1"]
[SourceVersionDate "2015.10.29"]
[SourceQuality "1"]

1. e4 e6 2. d4 d5 3. e5 c5 4. Qg4 g6 5. Nf3 cxd4 6. Bd3 Bc5 7. 0-0 Nc6 8. c3 dxc3 9. Nxc3 d4 10. Ne4 h5 11. Qg3 Nge7 12. Nxc5 b6 13. Ne4 Bb7 14. Nd6+ Kf8 15. Nxb7 Qc7 16. Nd6 Rg8 17. Bh6+ Rg7 18. Bxg7+ Kxg7 19. Qg5 Ng8 20. Rac1 Qe7 21. Rxc6 Qxg5 22. Nxg5 Kh6 23. Ndxf7+ Kg7 24. Rxe6 Kf8 25. Bxg6 Kg7 1-0

[Event "BRA-ch U18 Girls"]
[Site "Lages"]
[Date "2015.05.??"]
[Round "5"]
[White "Borsato, Ana Carolina Teodor"]
[Black "Rodio, Julia Brunetto"]
[Result "1/2-1/2"]
[WhiteElo "1741"]
[BlackElo "1636"]
[PlyCount "116"]
[EventDate "2015.05.??"]
[EventType "swiss"]
[EventRounds "9"]
[EventCountry "BRA"]
[SourceTitle "EXT 2016"]
[Source "ChessBase"]
[SourceDate "2015.10.08"]
[SourceVersion "1"]
[SourceVersionDate "2015.10.08"]
[SourceQuality "1"]

1. e4 c5 2. d4 cxd4 3. c3 d3 4. Bxd3 d6 5. Nf3 Nf6 6. Qe2 Nbd7 7. 0-0 e6 8. Rd1 Be7 9. e5 dxe5 10. Nxe5 Qc7 11. Nf3 0-0 12. Bg5 h6 13. Bh4 Nd5 14. Bxe7 Nxe7 15. c4 Nf6 16. Nc3 Bd7 17. Rac1 Bc6 18. Ne5 Rfd8 19. Nxc6 Nxc6 20. Nb5 Qf4 21. g3 Qe5 22. Qxe5 Nxe5 23. Be2 a6 24. Nd6 b6 25. f4 Ned7 26. Bf3 Rab8 27. b4 e5 28. Nf5 Kf8 29. Bc6 a5 30. b5 e4 31. Rd4 Nc5 32. Rcd1 Rxd4 33. Rxd4 Ne6 34. Rd1 Nc5 35. Ne3 Na4 36. Rd2 Nc5 37. Kf1 Ne6 38. Ke2 Rd8 39. Rxd8+ Nxd8 40. Bd5 g6 41. g4 Ke7 42. g5 hxg5 43. fxg5 Nh7 44. Bxe4 Nxg5 45. Nd5+ Kd6 46. Bd3 Kc5 47. Nc3 Kd6 48. Ke3 Nde6 49. Na4 Kc7 50. h4 Nh7 51. Nc3 Kd6 52. Na4 Kc7 53. Nc3 Kd6 54. h5 Nhf8 55. Ne4+ Kc7 56. h6 Nh7 57. Nc3 Kd6 58. Nd5 Kc5 1/2-1/2

[Event "Ribeirao Preto Batatais op"]
[Site "Ribeirao Preto"]
[Date "2015.02.28"]
[Round "1"]
[White "Da Silva, Diego Nunes"]
[Black "Borsato, Ana Carolina Teodor"]
[Result "1-0"]
[WhiteElo "1797"]
[BlackElo "1721"]
[PlyCount "113"]
[EventDate "2015.02.28"]
[EventType "swiss"]
[EventRounds "5"]
[EventCountry "BRA"]
[SourceTitle "CBM 165 Extra"]
[Source "ChessBase"]
[SourceDate "2015.04.21"]
[SourceVersion "1"]
[SourceVersionDate "2015.04.21"]
[SourceQuality "1"]

1. e4 e5 2. Nf3 Nc6 3. Bc4 Nf6 4. Nc3 Nxe4 5. Bxf7+ Kxf7 6. Nxe4 d5 7. Nc3 e4 8. Ng1 Bf5 9. d3 Bb4 10. dxe4 Bxc3+ 11. bxc3 Bxe4 12. f3 Bf5 13. Ne2 Qh4+ 14. g3 Qd8 15. Nd4 Re8+ 16. Kf2 Bg6 17. Bf4 Qd7 18. h4 h5 19. Qd2 Ne5 20. Bxe5 Rxe5 21. Qf4+ Rf5 22. Nxf5 Qxf5 23. Qxf5+ Bxf5 24. Rab1 b6 25. Rbd1 c6 26. Rd2 Rb8 27. Re1 Rb7 28. Ree2 Rc7 29. Re5 g6 30. Rde2 Kf8 31. Ke3 Kf7 32. Kf4 Kf6 33. g4 hxg4 34. fxg4 Be4 35. g5+ Kg7 36. Ke3 Bf5 37. Kd4 Be4 38. c4 b5 39. cxd5 cxd5 40. a3 Rc4+ 41. Ke3 Rc3+ 42. Kf2 Rxa3 43. Re7+ Kf8 44. Rb7 a6 45. Ke1 Ra4 46. Rf2+ Kg8 47. Rff7 Bf5 48. Rfc7 Re4+ 49. Kd2 Re8 50. Ra7 Kf8 51. Rxa6 Re7 52. Rxe7 Kxe7 53. c3 Be4 54. Rb6 Kf7 55. Ke3 Bg2 56. Kd4 Be4 57. Ke5 1-0

[Event "BRA-ch U16 Girls"]
[Site "Tres Rios"]
[Date "2014.05.11"]
[Round "6.1"]
[White "Tamarozi, Isabelle"]
[Black "Borsato, Ana Carolina Teodor"]
[Result "1/2-1/2"]
[WhiteElo "1756"]
[BlackElo "1731"]
[PlyCount "106"]
[EventDate "2014.05.08"]
[EventType "swiss"]
[EventRounds "6"]
[EventCountry "BRA"]
[SourceTitle "EXT 2022"]
[Source "ChessBase"]
[SourceDate "2021.10.06"]
[SourceVersion "1"]
[SourceVersionDate "2021.10.06"]
[SourceQuality "1"]

1. e4 e5 2. Nf3 Nc6 3. d4 exd4 4. Nxd4 Bc5 5. Be3 Bb6 6. Nf5 Bxe3 7. Nxe3 Nf6 8. Nc3 0-0 9. g3 Re8 10. Bg2 d6 11. 0-0 Ne5 12. Re1 Bd7 13. f4 Neg4 14. f5 Nxe3 15. Rxe3 Bxf5 16. Qd4 Bd7 17. Rf1 Re5 18. Ref3 Bc6 19. Rf4 Qe7 20. Qc4 Rf8 21. b4 a6 22. Qd4 Qe6 23. g4 h6 24. h4 Re8 25. Qf2 Bxe4 26. Bxe4 Nxe4 27. Nxe4 Rxe4 28. Rxe4 Qxe4 29. Qxf7+ Kh8 30. Qf5 Qxb4 31. Qf3 Qd4+ 32. Rf2 Qa1+ 33. Kg2 Qxa2 34. Qxb7 Qe6 35. Qf3 Qe4 36. Kg3 Qxf3+ 37. Rxf3 Re2 38. Rc3 c5 39. g5 hxg5 40. hxg5 Kg8 41. Rd3 Re6 42. c4 Kf7 43. Ra3 Kg6 44. Kf4 Re5 45. Rxa6 Rf5+ 46. Ke4 Kxg5 47. Rxd6 g6 48. Re6 Kh5 49. Rd6 Kh6 50. Re6 Kg7 51. Rc6 Rh5 52. Rc7+ Kf8 53. Rc6 Ke7 1/2-1/2

[Event "BRA-ch U16 Girls"]
[Site "Tres Rios"]
[Date "2014.05.10"]
[Round "5.1"]
[White "Borsato, Ana Carolina Teodor"]
[Black "Nunes, Agatha Hurba"]
[Result "0-1"]
[WhiteElo "1731"]
[BlackElo "1699"]
[PlyCount "62"]
[EventDate "2014.05.08"]
[EventType "swiss"]
[EventRounds "6"]
[EventCountry "BRA"]
[SourceTitle "EXT 2022"]
[Source "ChessBase"]
[SourceDate "2021.10.06"]
[SourceVersion "1"]
[SourceVersionDate "2021.10.06"]
[SourceQuality "1"]

1. e4 d5 2. exd5 Nf6 3. d4 Nxd5 4. c4 Nb6 5. Bf4 e5 6. Bxe5 Bb4+ 7. Nc3 f6 8. Bf4 Nc6 9. a3 Qxd4 10. axb4 Qxf4 11. c5 Nc4 12. Qh5+ g6 13. Qe2+ Qe5 14. Ne4 Be6 15. Nf3 Qxb2 16. Qxb2 Nxb2 17. Nxf6+ Ke7 18. Rb1 Kxf6 19. Rxb2 Rhe8 20. Kd2 Rad8+ 21. Kc1 Bg4 22. Be2 Re7 23. h3 Bf5 24. g4 Bd3 25. Rd1 Bxe2 26. Rxd8 Nxd8 27. Nd4 Bc4 28. b5 Ne6 29. Nf3 Nxc5 30. Rc2 Nd3+ 31. Kd2 Bxb5 0-1

[Event "BRA-ch U16 Girls"]
[Site "Tres Rios"]
[Date "2014.05.10"]
[Round "4.1"]
[White "Librelato, Kathie Goulart"]
[Black "Borsato, Ana Carolina Teodor"]
[Result "0-1"]
[WhiteElo "1799"]
[BlackElo "1731"]
[PlyCount "48"]
[EventDate "2014.05.08"]
[EventType "swiss"]
[EventRounds "6"]
[EventCountry "BRA"]
[SourceTitle "EXT 2022"]
[Source "ChessBase"]
[SourceDate "2021.10.06"]
[SourceVersion "1"]
[SourceVersionDate "2021.10.06"]
[SourceQuality "1"]

1. e4 e5 2. Nf3 Nc6 3. Bb5 f5 4. d3 Nf6 5. Nc3 Bc5 6. 0-0 0-0 7. Bc4+ Kh8 8. Ng5 Qe8 9. Nb5 Bb6 10. exf5 d5 11. Bb3 Bxf5 12. Be3 d4 13. Bd2 h6 14. Nf3 Bg4 15. h3 Bh5 16. Re1 a6 17. Na3 e4 18. dxe4 Ne5 19. Nc4 Nfd7 20. Qc1 Bxf3 21. Nxe5 Nxe5 22. gxf3 Nxf3+ 23. Kf1 Qg6 24. Rd1 d3 0-1

[Event "Batatais op 3rd"]
[Site "Batatais"]
[Date "2013.12.22"]
[Round "6"]
[White "Borsato, Ana Carolina Teodor"]
[Black "Pimentel, Rafael Favarin G"]
[Result "0-1"]
[WhiteElo "1733"]
[BlackElo "2020"]
[PlyCount "96"]
[EventDate "2013.12.20"]
[EventType "swiss"]
[EventRounds "6"]
[EventCountry "BRA"]
[SourceTitle "CBM 158 Extra"]
[Source "ChessBase"]
[SourceDate "2014.02.28"]
[SourceVersion "1"]
[SourceVersionDate "2014.02.28"]
[SourceQuality "1"]

1. e4 c6 2. d4 d5 3. exd5 cxd5 4. Bd3 Nc6 5. c3 Nf6 6. Bf4 Bg4 7. Nf3 e6 8. 0-0 Bd6 9. Bxd6 Qxd6 10. Nbd2 0-0 11. Re1 Rac8 12. Qb1 Bxf3 13. Nxf3 h6 14. Ne5 Nd7 15. f4 Ndxe5 16. fxe5 Qe7 17. Qd1 Na5 18. Re3 Nc4 19. Rg3 f5 20. Bb1 Nxb2 21. Qd2 Na4 22. Bc2 Nb6 23. Qxh6 Rxc3 24. Qh5 Rxg3 25. hxg3 Qa3 26. Bb3 Qb2 27. Rd1 Qc3 28. Qg5 a5 29. Qf4 Rc8 30. Rf1 a4 31. Bd1 Rc4 32. Qg5 Qxd4+ 33. Kh2 Rc8 34. Re1 Qc3 35. Rf1 Qxe5 36. Qe7 Rf8 37. Rf4 Qf6 38. Qxb7 g5 39. Rf1 Nc4 40. Rh1 Nd6 41. Qa7 Nf7 42. Bxa4 Kg7 43. Re1 e5 44. Rb1 e4 45. Bb3 d4 46. Bd1 d3 47. Rb6 Rh8+ 48. Kg1 Qd4+ 0-1

[Event "Sao Jose Paulista op"]
[Site "Sao Jose do Rio Preto"]
[Date "2012.12.23"]
[Round "5"]
[White "Borsato, Ana Carolina Teodor"]
[Black "Nery Junior, Jose Antonio"]
[Result "0-1"]
[WhiteElo "1733"]
[BlackElo "2118"]
[PlyCount "74"]
[EventDate "2012.12.21"]
[EventType "swiss"]
[EventRounds "6"]
[EventCountry "BRA"]
[SourceTitle "EXT 2022"]
[Source "ChessBase"]
[SourceDate "2021.10.06"]
[SourceVersion "1"]
[SourceVersionDate "2021.10.06"]
[SourceQuality "1"]

1. e4 c5 2. Nf3 d6 3. d4 cxd4 4. Nxd4 Nf6 5. Nc3 a6 6. Be2 b5 7. a3 Bb7 8. f3 e6 9. Be3 Nbd7 10. 0-0 Be7 11. Qd2 0-0 12. Rad1 Qc7 13. Qe1 d5 14. exd5 Nxd5 15. Nxd5 Bxd5 16. f4 Nc5 17. Qc3 Qb7 18. Nf5 exf5 19. Bxc5 Rac8 20. b4 Bxc5+ 21. bxc5 Bxg2 22. Bf3 Bxf3 23. Rxf3 Rxc5 24. Qd3 Qe4 25. Rf2 Qxd3 26. Rxd3 Rfc8 27. Rd6 a5 28. Rb6 g6 29. Rb7 R8c7 30. Rb6 Rd7 31. h4 Rd1+ 32. Rf1 Rxf1+ 33. Kxf1 Kg7 34. Ke1 Kh6 35. Rb7 Kh5 36. Rxf7 h6 37. Rf6 Rxc2 0-1

[Event "Sao Jose do Rio Preto IRT op"]
[Site "Sao Jose do Rio Preto"]
[Date "2012.06.07"]
[Round "1"]
[White "Borsato, Ana Carolina Teodor"]
[Black "Calixto, Roberto Carlos"]
[Result "1-0"]
[WhiteElo "1659"]
[BlackElo "1874"]
[PlyCount "101"]
[EventDate "2012.06.07"]
[EventType "swiss"]
[EventRounds "6"]
[EventCountry "BRA"]
[SourceTitle "EXT 2014"]
[Source "ChessBase"]
[SourceDate "2013.11.20"]
[SourceVersion "1"]
[SourceVersionDate "2013.11.20"]
[SourceQuality "1"]

1. e4 c5 2. Nf3 e6 3. d4 cxd4 4. Bg5 Be7 5. Bxe7 Nxe7 6. Qxd4 0-0 7. Qd6 Nbc6 8. Nc3 f5 9. e5 Ng6 10. 0-0-0 Qb6 11. Rd2 Ncxe5 12. Qxb6 axb6 13. Nxe5 Nxe5 14. Rd6 Nf7 15. Rxb6 d5 16. a3 d4 17. Nb5 e5 18. Bc4 Kh8 19. Re1 Ra6 20. Rxa6 bxa6 21. Bxf7 axb5 22. Rxe5 g6 23. Re8 Kg7 24. Rxf8 Kxf8 25. Bd5 Ke7 26. Kd2 Kd6 27. Bg8 h6 28. g3 Ke5 29. Kd3 g5 30. Bf7 Bb7 31. Be8 Ba6 32. b4 f4 33. Bc6 fxg3 34. fxg3 Kd6 35. Bxb5 Bxb5+ 36. Kxd4 Ba4 37. c4 h5 38. b5 h4 39. gxh4 gxh4 40. c5+ Kc7 41. Kc4 Bd1 42. Kb4 h3 43. a4 Be2 44. a5 Kb7 45. c6+ Kc7 46. Kc5 Bf3 47. a6 Kb8 48. b6 Bg2 49. Kd6 Bf3 50. c7+ Kc8 51. b7+ 1-0

[Event "BRA-ch U14 Girls"]
[Site "Rio de Janeiro"]
[Date "2012.05.11"]
[Round "2"]
[White "Borsato, Ana Carolina Teodor"]
[Black "Tridico Berto, Gabrielle"]
[Result "1/2-1/2"]
[WhiteElo "1659"]
[BlackElo "1704"]
[PlyCount "64"]
[EventDate "2012.05.11"]
[EventType "swiss"]
[EventRounds "6"]
[EventCountry "BRA"]
[SourceTitle "CBM 148 Extra"]
[Source "ChessBase"]
[SourceDate "2012.06.22"]
[SourceVersion "1"]
[SourceVersionDate "2012.06.22"]
[SourceQuality "1"]

1. e4 e6 2. d4 d5 3. e5 c5 4. Qg4 cxd4 5. Nf3 Nc6 6. Bd3 Bb4+ 7. Bd2 Bxd2+ 8. Nbxd2 g6 9. Nb3 Nge7 10. Nbxd4 Qb6 11. Nb3 Qb4+ 12. Qxb4 Nxb4 13. Nbd4 Nxd3+ 14. cxd3 Nc6 15. Nb5 0-0 16. 0-0 Bd7 17. Nd6 Nb4 18. d4 b6 19. a3 Nc6 20. Nd2 Nxd4 21. Kh1 Nb5 22. Nxb5 Bxb5 23. Rfc1 Rac8 24. h3 Rfd8 25. b4 Bc4 26. a4 a5 27. b5 Rd7 28. Rc3 Rdc7 29. Rac1 Kf8 30. Kg1 Ke7 31. Nb3 Kd7 32. Nd4 Rf8 1/2-1/2

[Event "BRA-ch U14 Girls"]
[Site "Rio de Janeiro"]
[Date "2012.05.11"]
[Round "1"]
[White "Pederiva, Paola Carolina"]
[Black "Borsato, Ana Carolina Teodor"]
[Result "0-1"]
[WhiteElo "1751"]
[BlackElo "1659"]
[PlyCount "34"]
[EventDate "2012.05.11"]
[EventType "swiss"]
[EventRounds "6"]
[EventCountry "BRA"]
[SourceTitle "CBM 148 Extra"]
[Source "ChessBase"]
[SourceDate "2012.06.22"]
[SourceVersion "1"]
[SourceVersionDate "2012.06.22"]
[SourceQuality "1"]

1. d4 Nf6 2. f4 g6 3. Nf3 Bg7 4. e3 d6 5. c3 0-0 6. h3 Nbd7 7. Nbd2 c5 8. Nb3 cxd4 9. cxd4 Ne4 10. g4 Ng3 11. Rg1 Nxf1 12. Rxf1 e5 13. dxe5 dxe5 14. f5 e4 15. Ng1 Qh4+ 16. Ke2 b6 17. Qd5 Ba6+ 0-1

[Event "Barrinha op"]
[Site "Barrinha"]
[Date "2011.10.16"]
[Round "5.15"]
[White "Do Nascimento, Jose Wallison"]
[Black "Borsato, Ana Carolina Teodor"]
[Result "0-1"]
[WhiteElo "1953"]
[BlackElo "1632"]
[PlyCount "96"]
[EventDate "2011.10.14"]
[EventType "swiss"]
[EventRounds "6"]
[EventCountry "BRA"]
[SourceTitle "EXT 2022"]
[Source "ChessBase"]
[SourceDate "2021.10.06"]
[SourceVersion "1"]
[SourceVersionDate "2021.10.06"]
[SourceQuality "1"]

1. e4 e5 2. Nf3 Nc6 3. Bc4 Nf6 4. Nc3 Nxe4 5. Nxe4 d5 6. Bb5 dxe4 7. Nxe5 Qd5 8. Bxc6+ bxc6 9. Ng4 Bd6 10. 0-0 Qg5 11. h3 h5 12. d4 Qg6 13. Ne5 Bxe5 14. Kh1 Bd6 15. f4 h4 16. Qe2 0-0 17. c4 c5 18. Be3 cxd4 19. Bxd4 Re8 20. c5 Bf8 21. Qf2 Qh6 22. Rae1 Ba6 23. Rg1 Bd3 24. f5 c6 25. f6 gxf6 26. Bxf6 Bxc5 27. Qxc5 Qxf6 28. Qh5 Re5 29. Qg4+ Qg5 30. Qd7 Qg6 31. Re3 Ree8 32. g3 Red8 33. Qc7 Kh8 34. gxh4 Qh5 35. Qf4 Rg8 36. Rg5 Rxg5 37. hxg5 Rg8 38. h4 Bb1 39. Kh2 Bd3 40. Kg3 Qg6 41. Kg4 f6 42. Rh3 Ba6 43. Kg3 f5 44. Qe5+ Kh7 45. Kf4 Re8 46. Qc7+ Qg7 47. g6+ Kh6 48. Qxg7+ Kxg7 0-1